000 00831cam a22002771 4500
001 11183
003 BD-RjUL
005 20211208235102.0
008 140126s1966 nyua b 001 0 eng
035 _a(BD-RjUL)11232
040 _aDLC/ICU
_cICU
_dBD-RjUL
_beng
041 _aeng
082 0 0 _a547.12
_bJOY 1966
100 1 _aJohnson, A. William
_q(Alyn William),
_d1933-
_934598
245 1 0 _aYlid chemistry /
_cA. William Johnson.
260 _aNew York :
_bAcademic Press,
_c1966.
300 _ax, 388 p. :
_c23 cm.
_bill. ;
490 1 _aOrganic chemistry; a series of monographs,
_vv. 7
504 _aIncludes bibliographies and index.
650 0 _aYlides.
_934599
830 0 _vv. 7.
_934615
830 0 _aOrganic chemistry (New York, N.Y.) ;
_934616
942 _2ddc
_cBK
999 _c11183
_d11183